| 000 | 01286nam a2200349Ia 4500 | ||
|---|---|---|---|
| 001 | ebr10567055 | ||
| 003 | CaPaEBR | ||
| 006 | m u | ||
| 007 | cr cn||||||||| | ||
| 008 | 001018s2000 enk sb 001 0 eng d | ||
| 010 | _z 00700036 | ||
| 020 | _z0761959033 | ||
| 020 | _z0761959041 | ||
| 020 | _z9780761959045 | ||
| 020 | _z9781446265291 | ||
| 040 |
_aCaPaEBR _cCaPaEBR |
||
| 035 | _a(OCoLC)654271229 | ||
| 050 | 1 | 4 |
_aHM73 _b.D434 2000eb |
| 082 | 0 | 4 |
_a300/.1 _221 |
| 100 | 1 | _aDelanty, Gerard. | |
| 245 | 1 | 0 |
_aModernity and postmodernity _h[electronic resource] : _bknowledge, power and the self / _cGerard Delanty. |
| 260 |
_aLondon ; _aThousand Oaks : _bSAGE, _c2000. |
||
| 300 | _axiii, 194 p. | ||
| 504 | _aIncludes bibliographical references and index. | ||
| 533 |
_aElectronic reproduction. _bPalo Alto, Calif. : _cebrary, _d2011. _nAvailable via World Wide Web. _nAccess may be limited to ebrary affiliated libraries. |
||
| 650 | 0 |
_aPostmodernism _xSocial aspects. |
|
| 650 | 0 |
_aSocial sciences _xPhilosophy. |
|
| 650 | 0 |
_aSociology _xPhilosophy. |
|
| 655 | 7 |
_aElectronic books. _2local |
|
| 710 | 2 | _aebrary, Inc. | |
| 856 | 4 | 0 |
_uhttp://site.ebrary.com/lib/rucke/Doc?id=10567055 _zAn electronic book accessible through the World Wide Web; click to view |
| 999 |
_c200466 _d200466 |
||